<?xml version="1.0" encoding="UTF-8"?><?xml-stylesheet type="text/xsl" href="static/style.xsl"?><OAI-PMH xmlns="http://www.openarchives.org/OAI/2.0/" xmlns:xsi="http://www.w3.org/2001/XMLSchema-instance" xsi:schemaLocation="http://www.openarchives.org/OAI/2.0/ http://www.openarchives.org/OAI/2.0/OAI-PMH.xsd"><responseDate>2026-04-17T11:31:23Z</responseDate><request verb="GetRecord" identifier="oai:www.recercat.cat:10256/21370" metadataPrefix="marc">https://recercat.cat/oai/request</request><GetRecord><record><header><identifier>oai:recercat.cat:10256/21370</identifier><datestamp>2024-05-22T11:30:27Z</datestamp><setSpec>com_2072_452966</setSpec><setSpec>com_2072_2054</setSpec><setSpec>col_2072_452968</setSpec></header><metadata><record xmlns="http://www.loc.gov/MARC21/slim" xmlns:dcterms="http://purl.org/dc/terms/" xmlns:xsi="http://www.w3.org/2001/XMLSchema-instance" xmlns:doc="http://www.lyncode.com/xoai" xsi:schemaLocation="http://www.loc.gov/MARC21/slim http://www.loc.gov/standards/marcxml/schema/MARC21slim.xsd">
   <leader>00925njm 22002777a 4500</leader>
   <datafield ind2=" " ind1=" " tag="042">
      <subfield code="a">dc</subfield>
   </datafield>
   <datafield ind2=" " ind1=" " tag="720">
      <subfield code="a">Pujol Pla, Isàlia</subfield>
      <subfield code="e">author</subfield>
   </datafield>
   <datafield ind2=" " ind1=" " tag="260">
      <subfield code="c">2022-06</subfield>
   </datafield>
   <datafield ind2=" " ind1=" " tag="520">
      <subfield code="a">El tema principal del treball és l’estudi de l’ús de l’anomenat llenguatge inclusiu de gènere en el món de l’educació. Aquest llenguatge és el que busca tractar de la mateixa manera tant homes com dones, i és per això que en àmbits socials com el que tractem en aquest treball ha tingut molt bona acollida. Malgrat això, però, també hi ha arguments en contra, tants des del punt de vista de la gramàtica com des d’altres punts de vista, com ara que sempre es parteix d’aquest binarisme. L’objectiu d’aquest treball és analitzar-ne la presència en l’àmbit de l’educació, tant pel que fa a l’ús per part de mestres com per com el perceben els infants. Mitjançant entrevistes semiestructurades a docents i formularis que aporten dades quantitatives, aquest treball pretén obtenir resultats per comparar-los a les teories que s’han elaborat sobre el llenguatge inclusiu en l’educació. Així, doncs, analitza els diferents punts de vista a favor i en contra de l’ús d’aquest llenguatge, n’estudia els arguments i descriu quin paper juguen els mestres en la percepció del llenguatge inclusiu de gènere que tenen els alumnes</subfield>
   </datafield>
   <datafield ind1="8" ind2=" " tag="024">
      <subfield code="a">http://hdl.handle.net/10256/21370</subfield>
   </datafield>
   <datafield tag="653" ind2=" " ind1=" ">
      <subfield code="a">Llenguatge no sexista</subfield>
   </datafield>
   <datafield tag="653" ind2=" " ind1=" ">
      <subfield code="a">Nonsexist language</subfield>
   </datafield>
   <datafield tag="653" ind2=" " ind1=" ">
      <subfield code="a">Educació</subfield>
   </datafield>
   <datafield tag="653" ind2=" " ind1=" ">
      <subfield code="a">Education</subfield>
   </datafield>
   <datafield tag="653" ind2=" " ind1=" ">
      <subfield code="a">Infants</subfield>
   </datafield>
   <datafield tag="653" ind2=" " ind1=" ">
      <subfield code="a">Children</subfield>
   </datafield>
   <datafield tag="653" ind2=" " ind1=" ">
      <subfield code="a">Mestres</subfield>
   </datafield>
   <datafield tag="653" ind2=" " ind1=" ">
      <subfield code="a">Elementary school teachers</subfield>
   </datafield>
   <datafield ind2="0" ind1="0" tag="245">
      <subfield code="a">El Llenguatge inclusiu de gènere en el món de l'educació: com el perceben els infants?</subfield>
   </datafield>
</record></metadata></record></GetRecord></OAI-PMH>